000 02186nam a22002417a 4500
003 DO-CoUTE
005 20260428143645.0
008 260428b dr ||||| |||| 00| 0 spa d
020 _a978-9945-643-39-8
040 _aDO-CoUTE
_bspa
_cDO-CoUTE
082 _aRD323.34C733v
110 1 _aComisión de igualdad de genero del tribunal constitucional
245 1 0 _aVision constitucional del derecho a la igualdad de genero /
_bComisión de igualdad de genero del tribunal constitucional
_cVásquez Samuel Lino, Beard Marcos, Alba Luisa, Bonnelly Vega, Manuel Ulises, Santana, María del Carmen Vásquez Acosta, Eunisin.
260 _aRepublica Dominicana ;
_bIUDEX
_c2022
300 _a364 Paginas :
_c23cm,
504 _a Incluye referencia bibliográfica e índice.
505 _aMarco conceptual sobre género, perspectiva de género. Diferencia entre el derecho a la igualdad de género y la equidad de género | II. Interpretación constitucional y alcance del derecho a la igualdad y a la igualdad de género. Principios rectores | III. Antecedentes históricos del derecho a igualdad de género en américa latina. Perspectiva de género en el derecho internacional de los derechos humanos | IV. Breve recorrido histórico de los derechos de las mujeres en la constitución dominicana. Análisis de las reformas constitucionales desde 1844 hasta nuestros días | V. Justicia constitucional, mujeres y género a la luz de la jurisprudencia del tribunal constitucional dominicano | VI. Análisis de sentencias constitucionales relevantes en materia de perspectiva de género, dictadas por los tribunales o asambleas constitucionales en Latinoamérica | VII. Justicia transicional y perspectiva de género | VIII. Derechos humanos laborales e igualdad de género | IX. Salud y derechos sexuales y reproductivos. Alcance y contenido | X. Acceso de las mujeres a la justicia XI. Cuota de género, participación política y conformación de las listas electorales |
650 4 _aIgualdad de genero
700 1 _a Vásquez Samuel, Lino
_eAutor
700 1 _aBeard Marcos, Alba Luisa
_eAutor
700 1 _a Bonnelly Vega, Manuel Ulises
_eAutor
942 _2ddc
_cBK
999 _c24145
_d24145